000 00611nam a22002052 4500
001 0000005791
005 20151217154355.0
008 070717s xx 000 0 eng d
020 _a0070483329 :
_cKES 650
040 _aKABU
_cKABU
050 0 _aQA76.76
_b.O63H37 2002
100 1 _aHarris, J. Archer.
_@0000157016
245 1 0 _aSchaum's outline of operating systems.
260 _aNew Delhi :
_bTata McGraw-Hill,
_c2002.
300 _avi, 234 p.
650 0 _aOperating systems (Computers)
_@0000146540
908 _a070717
950 _@1
999 _c10842
_d10842